000 00502nam a2200181Ia 4500
005 20250423101027.0
008 250422s9999 xx 000 0 und d
020 _a9780071346108
050 _aPN 4121 .B83/
100 _aBuckley, Fergus Reid
245 0 _aStrictly speaking : Reid Buckley's indispensable handbook on public speaking
260 _aNew York
260 _bMcGraw-Hill
260 _c1999
300 _a336 p
650 _aPublic speaking--Handbooks, manuals, etc.
942 _cBK
999 _c35061
_d35061